000
00291nam a22001337a 4500
008
181105b xxu||||| |||| 00| 0 eng d
020
_a
9781560244219
041
_a
eng
080
_a
316
100
_a
50
101
_a
SOC
245
_a
Intervention Research
_c
Rothman, J
942
_2
udc
_c
BK
999
_c
51910
_d
51910